|
|
|
|
| LEADER |
00000cam a2200000 ca4500 |
| 001 |
1095980424 |
| 003 |
DE-627 |
| 005 |
20251015125746.0 |
| 007 |
tu |
| 008 |
911017m18951920xx ||||| 00| ||ger c |
| 035 |
|
|
|a (DE-627)1095980424
|
| 035 |
|
|
|a (DE-576)025980424
|
| 035 |
|
|
|a (DE-599)BSZ025980424
|
| 040 |
|
|
|a DE-627
|b ger
|c DE-627
|e rda
|
| 041 |
|
|
|a ger
|
| 084 |
|
|
|a 9,10
|a 1
|2 ssgn
|
| 084 |
|
|
|a LE 1150
|2 rvk
|0 (DE-625)rvk/90714:
|
| 100 |
1 |
|
|e VerfasserIn
|0 (DE-588)117479373
|0 (DE-627)134663306
|0 (DE-576)163149631
|4 aut
|a Springer, Anton
|d 1825-1891
|
| 109 |
|
|
|a Springer, Anton 1825-1891
|a Springer, Antonius Henricus 1825-1891
|a Springer, Antoine 1825-1891
|a Springer, Anton Heinrich 1825-1891
|a Springer, Ant. 1825-1891
|a Springer, A. 1825-1891
|a Springer, Anton H. 1825-1891
|a Springer, A. H. 1825-1891
|a Springer 1825-1891
|a Springer, Anton Henricus 1825-1891
|a Springer, A.H. 1825-1891
|a Springer, Antonio 1825-1891
|a Springer, Antonin 1825-1891
|
| 240 |
1 |
0 |
|a Grundzüge der Kunstgeschichte
|
| 245 |
1 |
0 |
|a Handbuch der Kunstgeschichte
|c von Anton Springer
|
| 264 |
|
1 |
|a Leipzig
|b Verlag von E.A. Seemann
|c 1895-1920
|
| 336 |
|
|
|a Text
|b txt
|2 rdacontent
|
| 337 |
|
|
|a ohne Hilfsmittel zu benutzen
|b n
|2 rdamedia
|
| 338 |
|
|
|a Band
|b nc
|2 rdacarrier
|
| 546 |
|
|
|a Fraktur
|
| 601 |
|
|
|a Handbuch
|
| 601 |
|
|
|a Kunstgeschichte
|
| 689 |
0 |
0 |
|d s
|0 (DE-588)4114333-4
|0 (DE-627)105822957
|0 (DE-576)209483733
|2 gnd
|a Kunst
|
| 689 |
0 |
1 |
|q z
|2 gnd
|a Geschichte
|
| 689 |
0 |
|
|5 (DE-627)
|
| 776 |
0 |
8 |
|i Elektronische Reproduktion
|a Springer, Anton, 1825 - 1891
|t Handbuch der Kunstgeschichte
|d Leipzig : Seemann, 18XX
|w (DE-627)1539710963
|w (DE-576)469710969
|k Electronic
|
| 935 |
|
|
|a mteo
|
| 936 |
r |
v |
|a LE 1150
|b sonstige
|k Klassische Archäologie
|k Handbücher und Sammelwerke
|k Handbücher
|k sonstige
|0 (DE-627)127212424X
|0 (DE-625)rvk/90714:
|0 (DE-576)20212424X
|
| 951 |
|
|
|a MC
|
| ELC |
|
|
|b 1
|
| ITA |
|
|
|a 1
|t 1
|
| LOK |
|
|
|0 000 xxxxxcx a22 zn 4500
|
| LOK |
|
|
|0 001 2173551507
|
| LOK |
|
|
|0 003 DE-627
|
| LOK |
|
|
|0 004 1095980424
|
| LOK |
|
|
|0 005 20020524000000
|
| LOK |
|
|
|0 008 961205||||||||||||||||ger|||||||
|
| LOK |
|
|
|0 040
|a DE-21
|c DE-627
|d DE-21
|
| LOK |
|
|
|0 852
|a DE-21
|
| LOK |
|
|
|0 852 1
|9 00
|
| LOK |
|
|
|0 939
|a 05-12-96
|b l01
|
| LOK |
|
|
|0 000 xxxxxcx a22 zn 4500
|
| LOK |
|
|
|0 001 2173551515
|
| LOK |
|
|
|0 003 DE-627
|
| LOK |
|
|
|0 004 1095980424
|
| LOK |
|
|
|0 005 20040922000000
|
| LOK |
|
|
|0 008 040922||||||||||||||||ger|||||||
|
| LOK |
|
|
|0 040
|a DE-21
|c DE-627
|d DE-21
|
| LOK |
|
|
|0 852
|a DE-21
|
| LOK |
|
|
|0 852 1
|9 00
|
| LOK |
|
|
|0 935
|a dika
|
| LOK |
|
|
|0 939
|a 22-09-04
|b l02
|
| LOK |
|
|
|0 000 xxxxxcx a22 zn 4500
|
| LOK |
|
|
|0 001 2173551523
|
| LOK |
|
|
|0 003 DE-627
|
| LOK |
|
|
|0 004 1095980424
|
| LOK |
|
|
|0 005 20000615000000
|
| LOK |
|
|
|0 008 000615||||||||||||||||ger|||||||
|
| LOK |
|
|
|0 040
|a DE-21-31
|c DE-627
|d DE-21-31
|
| LOK |
|
|
|0 852
|a DE-21-31
|
| LOK |
|
|
|0 852 1
|c Pw XI 45
|m p
|9 00
|
| LOK |
|
|
|0 852 2
|b Magazin
|9 00
|
| LOK |
|
|
|0 938
|k p
|
| LOK |
|
|
|0 939
|a 15-06-00
|b l01
|
| LOK |
|
|
|0 000 xxxxxcx a22 zn 4500
|
| LOK |
|
|
|0 001 253097585X
|
| LOK |
|
|
|0 003 DE-627
|
| LOK |
|
|
|0 004 1095980424
|
| LOK |
|
|
|0 005 20070403174006
|
| LOK |
|
|
|0 008 070403||||||||||||||||ger|||||||
|
| LOK |
|
|
|0 040
|a DE-21-11
|c DE-627
|d DE-21-11
|
| LOK |
|
|
|0 852
|a DE-21-11
|
| LOK |
|
|
|0 852 1
|m p
|9 00
|
| LOK |
|
|
|0 935
|a k011
|a kneu
|
| LOK |
|
|
|0 938
|k p
|
| LOK |
|
|
|0 939
|a 03-04-07
|b l01
|
| LOK |
|
|
|0 000 xxxxxcx a22 zn 4500
|
| LOK |
|
|
|0 001 2552134815
|
| LOK |
|
|
|0 003 DE-627
|
| LOK |
|
|
|0 004 1095980424
|
| LOK |
|
|
|0 005 20070928104316
|
| LOK |
|
|
|0 008 070928||||||||||||||||ger|||||||
|
| LOK |
|
|
|0 040
|a DE-21-22
|c DE-627
|d DE-21-22
|
| LOK |
|
|
|0 852
|a DE-21-22
|
| LOK |
|
|
|0 852 1
|c AB 64 a / 10
|m p
|9 00
|
| LOK |
|
|
|0 935
|a k022
|a kneu
|
| LOK |
|
|
|0 938
|k p
|
| LOK |
|
|
|0 939
|a 28-09-07
|b l01
|
| LOK |
|
|
|0 000 xxxxxcx a22 zn 4500
|
| LOK |
|
|
|0 001 2695843968
|
| LOK |
|
|
|0 003 DE-627
|
| LOK |
|
|
|0 004 1095980424
|
| LOK |
|
|
|0 005 20111122161449
|
| LOK |
|
|
|0 008 111122||||||||||||||||ger|||||||
|
| LOK |
|
|
|0 040
|a DE-21-45
|c DE-627
|d DE-21-45
|
| LOK |
|
|
|0 852
|a DE-21-45
|
| LOK |
|
|
|0 852 1
|m p
|9 00
|
| LOK |
|
|
|0 935
|a k045
|a i045
|
| LOK |
|
|
|0 938
|k p
|
| LOK |
|
|
|0 939
|a 22-11-11
|b l01
|
| ORI |
|
|
|a SA-MARC-ixtheoa001.raw
|
| REF |
|
|
|a Kunstgeschichte
|
| REL |
|
|
|a 1
|
| SPR |
|
|
|a 1
|t IXT
|t REL
|
| STA |
0 |
0 |
|a Art,Art,Visual art,History,History,History in art
|
| STB |
0 |
0 |
|a Art,Art,Histoire,Histoire,Histoire
|
| STC |
0 |
0 |
|a Arte,Arte,Historia,Historia,Historia
|
| STD |
0 |
0 |
|a Arte,Arte,Storia,Storia
|
| STE |
0 |
0 |
|a 历史,史,艺术
|
| STF |
0 |
0 |
|a 歷史,史,藝術
|
| STG |
0 |
0 |
|a Arte,Arte,História,História
|
| STH |
0 |
0 |
|a Искусство (мотив),Искусство,История (мотив),История
|
| STI |
0 |
0 |
|a Ιστορία (μοτίβο),Ιστορία,Τέχνη (μοτίβο),Τέχνη
|
| SUB |
|
|
|a REL
|
| SYG |
0 |
0 |
|a Bildende Kunst,Kunstdenkmal , History,Geschichtliche Epoche,Historical development,Historische Entwicklung,Landesgeschichte,Regionalgeschichte,Ortsgeschichte,Zeitgeschichte
|